[Event "EU-chT (Men) 13th"]
[Site "Leon"]
[Date "2001.11.09"]
[Round "4.1"]
[White "Van Wely, Loek"]
[Black "Lutz, Christopher"]
[Result "1-0"]
[WhiteElo "2714"]
[BlackElo "2643"]
[Annotator "Dautov,R"]
[PlyCount "87"]
[EventDate "2001.11.06"]
[EventType "team-swiss"]
[EventRounds "9"]
[EventCountry "ESP"]
[SourceTitle "CBM 086"]
[Source "ChessBase"]
[SourceDate "2002.02.05"]
[SourceVersion "1"]
[SourceVersionDate "2002.02.05"]
[SourceQuality "1"]
[WhiteTeam "Netherlands"]
[BlackTeam "Germany"]
[WhiteTeamCountry "NED"]
[BlackTeamCountry "GER"]

{[%mdl 32768]} 1. Nf3 Nf6 2. c4 e6 3. Nc3 d5 4. d4 Be7 5. Bf4 O-O 6. e3 c5 7.
dxc5 Bxc5 8. cxd5 Nxd5 9. Nxd5 exd5 10. a3 Bd6 11. Bxd6 (11. Qa4 $2 Bd7 12. Qd4
Nc6 $17) 11... Qxd6 12. Be2 (12. Bd3 Nc6 13. O-O Qf6 14. Qb3 Rd8 15. Rac1 Rb8
16. Rfd1 Bg4 17. Be2 $14 {Sokolov,A-Mozny,M/Germany 1993}) 12... Nc6 13. O-O
Bg4 14. h3 $1 $146 {Eine Verbesserung des früheren weißen Spiels.} ({Der
Anziehende erreichte nichts nach} 14. Qa4 Bxf3 15. Bxf3 Ne5 16. Be2 Qb6 17.
Rab1 Rfd8 18. Rfd1 Rac8 $11 {Karpov,A-Short,N/Buenos Aires 2001}) (14. Qb3 $6 {
ist verfrüht wegen} d4 $1 15. Rad1 Qe7) 14... Bxf3 ({Nach} 14... Bh5 $6 {ist}
15. Qb3 {bereits stark:} Rab8 (15... d4 $2 16. Rad1 Bxf3 (16... Qe7 17. g4 $16)
17. Bxf3 $16) 16. Rfd1 Rfd8 17. Rd2 $14 {, und der weiße Druck gegen den
Isolani d5 nimmt zu.}) 15. Bxf3 Rfd8 16. Qb3 $14 {[%cal Rb3b7,Rb3d5] Wie so
oft in dieser Variante ist das Feld b3 der beste Posten für die weiße Dame.
Vergleichen Sie mit der Partie Karpov-Short.} Ne5 17. Be2 d4 $1 {Weg mit dem
Isolani!} (17... Rab8 18. Rfd1 $14) 18. exd4 (18. Rfd1 $2 d3 $36) 18... Nc6 $6
{Eine Ungenauigkeit.} ({Nach dem richtigen} 18... Qxd4 19. Qxb7 ({Auch im
Falle von} 19. Rfd1 Qe4 20. Bf1 b6 {gleicht Schwarz allmählich aus.)}) 19...
Rab8 20. Qa6 Qxb2 $1 (20... Rxb2 $2 21. Rad1 Qh4 22. Rxd8+ Qxd8 23. Rc1 $16)
21. Rfd1 Qb6 {wird Schwarz den Remishafen erreichen können.}) 19. Qxb7 Rab8 20.
Qa6 Rb6 21. Qa4 Nxd4 22. Rfe1 (22. Bc4 $5) 22... Rxb2 23. Bc4 h6 $2 {Nach
diesem Zug wird Schwarz endgültig mit dem Rücken zur Wand stehen.} ({
Christopher sollte} 23... Rf8 $1 {versuchen, z.B.} 24. Qxa7 Qf4 25. Rf1 Nf3+
26. gxf3 Qxc4 {, mit guten Remischancen.}) 24. Re8+ Kh7 25. Bxf7 $2 {Dieser
Fehler läßt Schwarz erneut hoffen.} ({Warum nicht} 25. Rxd8 Qxd8 26. Rd1 ({oder
} 26. Qxa7 $18) 26... Qf6 27. Bd3+ g6 28. Qxd4 Qxd4 29. Bxg6+ Kxg6 30. Rxd4 Rb6
31. Ra4 a6 32. Ra5 $18 {, mit einem technisch gewonnenen Turmendspiel?}) 25...
Qf4 $1 26. Bg8+ Kg6 {Plötzlich hat Schwarz Gegenspiel!} 27. Qa6+ Rd6 28. Qf1
Rf6 29. Qd3+ $2 (29. Rd1 $1 $16) 29... Kh5 30. Bd5 Qxf2+ 31. Kh1 Rd2 32. Qe4
Qf4 33. Re1 Qxe4 34. R8xe4 g5 $2 {Schwarz ist alle seine Sorgen losgeworden
außer einer - der Zeitnot.} (34... Nf3 $1 35. gxf3 Rxd5 $11) 35. Re7 Kg6 $2 36.
Rxa7 $16 Ne2 37. Be4+ Kh5 38. Kh2 Nd4 39. Kg3 Ne2+ 40. Kh2 Nd4 41. Rd7 g4 42.
Kg3 $1 Ne2+ 43. Rxe2 Rxd7 44. Rc2 1-0

[Event "Pamplona 14th"]
[Site "Pamplona"]
[Date "2004.12.28"]
[Round "6"]
[White "Mamedyarov, Shakhriyar"]
[Black "Vaganian, Rafael A"]
[Result "1/2-1/2"]
[WhiteElo "2660"]
[BlackElo "2640"]
[Annotator "Dautov,R"]
[PlyCount "61"]
[EventDate "2004.12.22"]
[EventType "tourn"]
[EventRounds "7"]
[EventCountry "ESP"]
[EventCategory "16"]
[SourceTitle "CBM 105"]
[Source "ChessBase"]
[SourceDate "2005.04.11"]
[SourceVersion "1"]
[SourceVersionDate "2005.04.11"]
[SourceQuality "1"]

1. d4 d5 2. c4 e6 3. Nc3 Be7 4. Nf3 Nf6 5. Bf4 O-O 6. e3 Nbd7 7. a3 c5 8. cxd5
Nxd5 9. Nxd5 exd5 10. dxc5 Nxc5 11. Be5 Bf6 12. Bxf6 (12. Be2 $5) 12... Qxf6
13. Qd4 Qd6 $1 {Dies ist bereits die dritte Partie, die R. Vaganian mit seiner
Erfindung 13..Qd6 mühelos remisiert Es sieht so aus, als ob Schwarz das
Problem der unangenehmen 7.a3- Variante gelöst hätte.} (13... Qxd4 14. Nxd4 Bd7
15. f3 Rfc8 16. Kd2 Ne6 17. Nxe6 Bxe6 18. Bd3 Kf8 19. g4 h6 20. h4 $14 {
Zvjaginsev,V-Vescovi,G/Poikovsky 2003}) 14. Rd1 Rd8 15. b4 $146 (15. Bc4 $6 Bf5
16. O-O Bc2 17. Rc1 dxc4 18. Rxc2 b5 19. Qxd6 Rxd6 $15 {Onischuk,A-Vaganian,R/
Togliatti 2003}) (15. Bd3 Nxd3+ 16. Rxd3 Bf5 17. Rc3 Be4 18. O-O Bxf3 19. gxf3
Qg6+ 20. Kh1 Qf5 $11 {Sokolov,I-Vaganian,R/Mainz 2003}) (15. Be2 Bf5 16. b4 {
Die Drohung 16...Bc2 zwang Weiß zu dieser Schwächung.} (16. O-O $6 Bc2 17. Rde1
Nb3 18. Qh4 d4 19. Bc4 b5 $36) 16... Ne6 17. Qb2 a5 18. O-O axb4 19. axb4 Ra4
20. b5 d4 21. Nxd4 Nxd4 22. exd4 Rxd4 23. Rxd4 Qxd4 24. Qxd4 Rxd4 $11 {Gyimesi,
Z-Nielsen,P/Germany 2004}) 15... Ne6 16. Qh4 (16. Qe5 Qxe5 17. Nxe5 d4 18. Bc4
dxe3 19. fxe3 Rxd1+ 20. Kxd1 a5 $11) (16. Qb2 a5 17. Bd3 axb4 18. axb4 h6 19.
O-O Ra4 $11) 16... a5 17. Bd3 h6 18. O-O axb4 19. axb4 Ra4 20. Rb1 d4 21. Rfd1
Rxb4 22. Rxb4 Qxb4 {Soweit verlief das Spiel forciert. Schwarz ist seinen
Isolani losgeworden und steht nicht schlechter.} 23. Nxd4 (23. exd4 Qb3 24. Rd2
b5 $11) 23... Qa4 24. Rb1 Qa5 25. Qe4 (25. Qe7 Qg5 26. Qxg5 hxg5 $11) 25...
Nxd4 26. Qh7+ (26. exd4 g6 $11) 26... Kf8 27. exd4 Qd5 28. Re1 (28. Qh8+ Ke7
29. Qxg7 Qxd4 30. Qxd4 Rxd4 31. Bf1 $11) (28. Rb4 Qa5 $11) 28... Be6 29. Be4
Qxd4 30. Bxb7 Qb4 31. Qb1 1/2-1/2

[Event "EU-Cup 16th"]
[Site "Neum"]
[Date "2000.09.25"]
[Round "2.1"]
[White "Khalifman, Alexander"]
[Black "Beliavsky, Alexander G"]
[Result "1-0"]
[WhiteElo "2667"]
[BlackElo "2654"]
[Annotator "Dautov,R"]
[PlyCount "83"]
[EventDate "2000.09.24"]
[EventType "team-swiss"]
[EventRounds "7"]
[EventCountry "BIH"]
[SourceTitle "CBM 080"]
[Source "ChessBase"]
[SourceDate "2001.01.25"]
[SourceVersion "1"]
[SourceVersionDate "2001.01.25"]
[SourceQuality "1"]
[WhiteTeam "St Petersburg"]
[BlackTeam "Graz Merkur"]
[WhiteTeamCountry "RUS"]
[BlackTeamCountry "AUT"]

1. Nf3 d5 2. d4 Nf6 3. c4 e6 4. Nc3 Be7 5. Bf4 O-O 6. e3 c5 7. dxc5 Bxc5 8.
cxd5 Nxd5 9. Nxd5 exd5 10. a3 Nc6 11. Bd3 Bb6 12. O-O d4 {Ein geradliniger
Versuch auszugleichen. Die anderen plausiblen Fortsetzungen sind 12...Bg4 und
12...Qf6.} 13. e4 Bg4 14. h3 Bh5 ({Nach} 14... Qf6 15. hxg4 Qxf4 16. Nh2 Ne5
17. g3 Qf6 18. f4 Nxd3 19. Qxd3 {erreicht Weiß eine angenehm zu spielende
Blockadestellung.} Rac8 20. Kg2 Rfe8 21. Rfe1 Qe6 22. Re2 f6 23. Rd1 h6 24. Kh3
Qc4 25. Nf3 $14 {Van Wely,L-Doettling,F/BL 00/01}) 15. g4 Bg6 16. Nd2 $1 {
Die weißen Leichtfiguren räumen den Weg für den f-Bauern.} Re8 (16... Bc7 17.
Bxc7 Qxc7 18. f4 f6 19. h4 Rae8 20. Qf3 $14 {Krasenkow,M-Skalik,P/Suwalki 1999}
) (16... f6 17. Nc4 Bc7 18. Bxc7 Qxc7 19. f4 Rac8 20. Rc1 Rfe8 21. Qf3 b5 22.
Nd2 Qb6 23. h4 $14 {Gurevich,M-Lutz,C/Forchheim 2000}) 17. Bg3 Kh8 $6 $146 {
Eine Neuerung, die wie ein Tempoverlust aussieht. Auch im weiteren
Spielverlauf handelt Beliavsky sehr zögernd und läßt Weiß die
Königsflügelbauern aufrollen. Besser gefällt mir die energische
Stellungsbehandlung von Gomez Esteban.} (17... f6 18. f4 Qd7 19. Qf3 Bf7 20.
Kg2 Na5 21. Rac1 Rac8 22. h4 Rxc1 23. Rxc1 Rc8 24. Rxc8+ Qxc8 {/\Qc1} 25. Qd1
Qd7 26. Qe2 Qc6 27. f5 Bc7 $132 {Oms Pallise,J-Gomez Esteban,J/Barcelona 2000})
18. f4 f6 19. Kh2 Rc8 20. Rc1 Bf7 21. Qf3 Bg8 (21... Qd7 $5 {/\Na5}) 22. h4 Rf8
23. Qe2 $1 ({Khalifman ist auf der Hut. Zu früh wäre} 23. g5 $6 fxg5 24. hxg5
Ne5 25. Qe2 Nxd3 26. Qxd3 Qe8 $5 $132 {, und Schwarz kann mit seinem
Läuferpaar auf Gegenspiel hoffen.}) 23... Na5 {Diese Aktion kommt um einige
Tempi verspätet und kann dem Schwarzen bereits zu keinem vollwertigen
Gegenspiel verhelfen.} 24. Rxc8 Qxc8 25. g5 Nb3 26. Nxb3 Bxb3 27. h5 $1 {/\h6}
fxg5 28. fxg5 Rxf1 29. Qxf1 $16 {/\h6} Bc7 {Trotz des reduzierten Materials
hat Schwarz erhebliche Probleme mit der Verteidigung seines Königs, die weit
vorgerückten weißen Bauern sind sehr gefährlich.} (29... Qe8 30. h6 $1 Qh5+ (
30... gxh6 31. Qf6+ Kg8 32. gxh6 $16) 31. Kg2 Qxg5 32. Qf8+ Bg8 33. Bc4 Qd2+
34. Kf3 Qd1+ 35. Kf4 $18) 30. h6 $1 (30. e5 Qe8 $132) 30... Bxg3+ 31. Kxg3 Qd8
32. Qf5 $18 {Die schwarze Stellung ist verloren, da alle Läuferendspiele
hoffnungslos sind.} gxh6 33. Qe5+ Kg8 34. gxh6 Qd7 35. Qf6 Qf7 36. Qd8+ Qf8 37.
Qxf8+ Kxf8 38. Kf4 Bf7 39. e5 b6 40. Bxh7 Bd5 41. Be4 Bc4 42. Bf5 1-0

[Event "Pulvermuehle 6th"]
[Site "Pulvermuehle"]
[Date "2006.02.25"]
[Round "1"]
[White "Gustafsson, Jan"]
[Black "Baramidze, David"]
[Result "1-0"]
[WhiteElo "2614"]
[BlackElo "2554"]
[Annotator "Dautov,R"]
[PlyCount "111"]
[EventDate "2006.02.25"]
[EventType "tourn"]
[EventRounds "9"]
[EventCountry "GER"]
[EventCategory "12"]
[SourceTitle "CBM 112"]
[Source "ChessBase"]
[SourceDate "2006.06.07"]
[SourceVersion "1"]
[SourceVersionDate "2006.06.07"]
[SourceQuality "1"]

1. d4 d5 2. c4 e6 3. Nf3 Nf6 4. Nc3 Be7 5. Bf4 O-O 6. e3 c6 {Eine passive
Variante, die Schwarz nicht zu empfehlen ist. Ihr einziger Vorteil besteht
darin, daß sie keine Theoriekentnisse erfordert.} 7. a3 b6 8. Bd3 Nbd7 9. O-O
Bb7 10. cxd5 $1 {Der richtige Zeitpunkt zum Bauernabtausch ist gekommen.} exd5
(10... cxd5 11. Nb5 Ne8 12. Rc1 a6 13. Nc7 $16) 11. Ne5 Re8 (11... c5 12. Qf3
$16) 12. Rc1 Nxe5 13. Bxe5 $1 (13. dxe5 Nd7 14. Qg4 Nc5 $14) 13... Bd6 (13...
Nd7 $5 14. Bg3 Nf8 $14) 14. f4 {Danach entwickelt sich der weiße Angriff von
alleine.} Qe7 $6 {Logischer sieht 14...c5 aus, aber auch dann entwickelt sich
das schwarze Gegenspiel im Zenrum zu langsam. In der Partie kommt Schwarz
nicht mehr zu diesem Programmzug.} (14... c5 15. Rf3 Ne4 16. Rh3 h6 17. Qh5 $40
) 15. Rf3 g6 16. Qe1 Nd7 17. Qg3 $1 {Flexibel gespielt. Die Überführung des
Turmes nach h3 wird vorerst ad acta gelegt, stattdessen wird der h-Bauer
aufgerollt.} Nf8 18. h4 f6 19. Bxd6 Qxd6 20. h5 Kf7 (20... Re7 21. hxg6 hxg6
22. Bxg6 Rg7 23. f5 Qxg3 24. Rxg3 Nxg6 25. fxg6 Re8 26. Ne2 $16) 21. hxg6+ hxg6
22. Kf2 Re7 23. Rh1 {/\Bxg6} f5 24. Qg5 Bc8 $2 {Der entscheidende Fehler.
Schwarz sollte die Damen tauschen, selbst wenn das entstehende Endspiel für
ihn alles andere als angenehm ist.} (24... Qf6 25. g4 Bc8 26. Qxf6+ Kxf6 27.
g5+ Ke6 28. Rfh3 $16) 25. Rh8 Bd7 26. Rfh3 $18 {[%mdl 64]} Qf6 {Erlaubt das
hübsche Finale, aber guter Rat war schon teuer.} (26... Rae8 27. g4 fxg4 28.
R3h6 $18) 27. R3h7+ $1 Nxh7 28. Rxh7+ Ke6 29. Bxf5+ $1 gxf5 30. Rh6 Rf8 $2 ({
Zäher war} 30... Qxh6 31. Qxh6+ Kf7 {, wonach die Überführung des Springers
nach e5 entscheidet:} 32. Ne2 Rg8 33. Ng1 Ke8 34. Nf3 $18) 31. e4 $1 dxe4 32.
Nxe4 Ref7 (32... Qxh6 33. Qxh6+ Kf7 34. Qf6+ $18) 33. Nxf6 Rxf6 34. g4 Rxh6 35.
Qxh6+ Rf6 36. gxf5+ Kf7 37. Qh7+ Ke8 38. Qg8+ Rf8 39. Qg6+ Ke7 40. Qg7+ Rf7 41.
Qe5+ Kf8 42. f6 Be8 43. f5 Rh7 44. a4 Rf7 45. b4 Rh7 46. Kg3 Rf7 47. Qd6+ Kg8
48. Kf4 Rd7 49. Qe6+ Kf8 50. Ke4 Rh7 51. Ke5 Rf7 52. Qd6+ Kg8 53. Qb8 Kf8 54.
b5 cxb5 55. axb5 Rd7 56. d5 1-0

[Event "FIDE-Wch k.o."]
[Site "Moscow"]
[Date "2001.11.27"]
[Round "1.1"]
[White "Kaidanov, Gregory S"]
[Black "Shabalov, Alexander"]
[Result "0-1"]
[WhiteElo "2605"]
[BlackElo "2585"]
[Annotator "Dautov,R"]
[PlyCount "70"]
[EventDate "2001.11.27"]
[EventType "k.o."]
[EventRounds "7"]
[EventCountry "RUS"]
[SourceTitle "CBM 086"]
[Source "ChessBase"]
[SourceDate "2002.02.05"]
[SourceVersion "1"]
[SourceVersionDate "2002.02.05"]
[SourceQuality "1"]

{[%mdl 32768]} 1. d4 {Shabalov} Nf6 2. c4 e6 3. Nf3 d5 4. Nc3 Be7 5. Bf4 O-O 6.
e3 c5 7. dxc5 Bxc5 8. a3 Nc6 9. Qc2 Qa5 10. Nd2 Qd8 $6 {Shabalov: 'Kaidanov's
choice of opening came as a big surprise for me.So i have decided to retort to
a very old move,which i had a chance to analyze some years ago.'  Mit diesem
ungewöhlichen Zug macht Shabalov die gesamte Eröffnungsvorbereitung seines
Gegners zunichte. Der Überraschungseffekt ist sehr wichtig wenn man mit der
neuen FIDE-Zeitkontrolle spielt.} ({Most popular answers are} 10... Bb4 {
(Shabalov) lately and}) (10... Be7 {Shabalov}) 11. Rd1 {Shabalov: 'Most
principled answer.It's tough to understand what kind of opening advantage is
white playing for after'} (11. cxd5 {Shabalov} exd5 12. Bd3 Be6 13. O-O Rc8)
11... h6 $146 {Shabalov: 'This is a move i paid most of my attention to.Other
moves allowed white to play Bg5 at some point with unpleasant consequencies.'}
(11... Qe7 12. Bg5 Rd8 13. Nb3 dxc4 14. Rxd8+ Nxd8 15. Bxc4 b6 16. Ne4 $16 {
Zara-Bitman,A/Bucuresti 1967}) 12. cxd5 exd5 13. Nde4 $1 {Shabalov: 'True to
his style Gregory is trying immedeately punish black.Not everybody would take
a challenge of refutation of computer analysis in the opening game of World
championship.' Zuerst findet Kaidanov den besten Weg, um später doch fehl zu
greifen.} Bf5 14. Nxf6+ Qxf6 15. Bd3 {Einfach und stark. Weiß entwickelt sich
und behält dabei den schwachen Bauern d5 im Visier.} (15. Nxd5 $2 Bxc2 16.
Nxf6+ gxf6 17. Rc1 Nb4 18. axb4 Bxb4+ 19. Ke2 Rfc8 $15) (15. Qc1 Ne7 16. Nxd5
Nxd5 17. Rxd5 Bb6 $44 (17... Be7 {(Shabalov) promises white the advantage.}))
15... Be6 16. Nxd5 (16. O-O {Shabalov}) 16... Bxd5 17. Qxc5 $2 {Eine falsche
Entscheidung. Weiß sollte den Bauern einkassieren.} (17. Bh7+ $1 Kh8 18. Rxd5
Bb4+ $1 19. Ke2 g6 (19... Rac8 20. Qb1 $16) 20. axb4 Nxb4 21. Rd6 $1 Nxc2 22.
Rxf6 Kxh7 23. Rd1 $16) 17... Bxg2 18. Rg1 Bf3 {Der starke Bf3 ist wie ein
Pfeil im Fleisch, die restlichen schwarzen Figuren sind sehr mobil. Der weiße
König findet im Zentrum keine Ruhe. Kein Wunder also, daß Kaidanov nach und
nach in Nachteil gerät.} 19. Rc1 (19. Rd2 $142 $11 {/\Qf5}) 19... Rfe8 20. Qf5
{'?' Shabalov.} (20. Qc3 {Shabalov} Ne5 21. Bxe5 Rxe5 22. Qc8+ Re8 23. Qc3 {
led to a draw.Having two bishops, white decides to play a little on , but it
turns out to be a grave mistake.}) 20... Qxf5 21. Bxf5 Nd4 22. Bd3 Bh5 {
'!' Shabalov. Shabalov: 'Suddenly black pieces activity becomes a dominant
factor in this endgame.'} 23. Kf1 Nf3 $15 24. Rg3 Rad8 25. Bb5 Re6 {Der weiße
Turm g3 ist nicht nur mißplatziert, sondern ernsthaft gefährdet.} 26. Rh3 {
'?' Shabalov. Shabalov: 'The final mistake.The rook is forced into an awkward
position after that.White was still barely holding after'} (26. Kg2 g5 27. Bc7
Nh4+ 28. Kf1 Rd2 $17) (26. Kg2 {Shabalov}) 26... Bg4 27. Rg3 Bh5 {Shabalov:
'Final moves were affected by mutual time trouble.'} 28. Rh3 Nd2+ 29. Kg2 (29.
Ke1 $142 $15) 29... Bg6 30. Be2 Bf5 31. Rh5 (31. Rg3 $2 Ne4 32. Rf3 Bg4 $19)
31... g5 32. Bg3 Bg6 $17 33. Rc7 ({Zäher war} 33. Rh3 Be4+ 34. Kg1 $17 (34. f3
$2 g4 $19)) 33... Rf6 {'!' Shabalov.} 34. Rxb7 $2 {'??' Shabalov.} (34. h4 Bxh5
35. Bxh5 Ne4 36. hxg5 hxg5 37. Rxb7 Nxg3 38. Kxg3 a6 $17) 34... Be4+ 35. f3
Bxb7 0-1

[Event "FIDE-Wch k.o."]
[Site "Moscow"]
[Date "2001.12.01"]
[Round "3.1"]
[White "Dreev, Alexey"]
[Black "Pigusov, Evgeny"]
[Result "1-0"]
[WhiteElo "2676"]
[BlackElo "2613"]
[Annotator "Dautov,R"]
[PlyCount "177"]
[EventDate "2001.11.27"]
[EventType "k.o."]
[EventRounds "7"]
[EventCountry "RUS"]
[SourceTitle "CBM 086"]
[Source "ChessBase"]
[SourceDate "2002.02.05"]
[SourceVersion "1"]
[SourceVersionDate "2002.02.05"]
[SourceQuality "1"]

{[%mdl 32768]} 1. d4 Nf6 2. c4 e6 3. Nf3 d5 4. Nc3 Be7 5. Bf4 c5 6. dxc5 Bxc5
7. e3 O-O 8. cxd5 Nxd5 9. Nxd5 exd5 10. a3 Nc6 11. Bd3 Bb6 12. O-O d4 13. Qc2
$1 $146 {Eine wertvolle Neuerung. Üblich ist hier 13.e4.} (13. e4 Bg4 14. h3
Bh5 (14... Qf6)) 13... h6 ({Schlecht wäre} 13... dxe3 $2 14. Bxh7+ Kh8 15. fxe3
g6 16. Ng5 Bf5 17. Qf2 Kg7 18. Qh4 Qe7 (18... Rh8 $2 19. g4 Bd7 20. Ne6+ $18)
19. Rf3 $40) 14. e4 Bg4 (14... Be6 $5 {sieht besser aus, da Weiß
höchstwahrscheinlich später selbst Nf3-d2 spielen wird.}) 15. Nd2 {Weiß
vermied geschickt die Fesselung durch Bg4 und geht zu seinem typischen Plan
über, der Vorbereitung von f2-f4.} Rc8 16. Qa4 Be6 17. Bg3 Na5 ({In Frage kam} 
17... Qe7 18. f4 (18. Nc4 Bc7) 18... f5 $5 {In der Hauptvariante 13.e4 Bg4 14.
h3 Bh5 15.g4 Bg6 16.Nd2, wo man ähnliche Stellungsbilder sieht ist f7-f5 nie
möglich.} 19. Rae1 Qd7 $132) 18. Rac1 Bd7 19. Qb4 Re8 20. f4 Nc6 21. Qb3 Na5
22. Qb4 (22. Qd1 Rxc1 23. Qxc1 Qe7 24. b4 Nc6 25. f5 Ne5 26. Bxe5 Qxe5 27. Nc4
$14) 22... Nc6 23. Qd6 Re6 24. Qd5 Ne7 25. Rxc8 Qxc8 26. Qb3 Rc6 27. Qd1 Bg4
28. Nf3 (28. Qe1 $5 $14) 28... Bxf3 29. Qxf3 Rc1 30. Rd1 Qc6 31. Qf1 Rxd1 32.
Qxd1 $14 {E.Pigusov tauschte eine Figur nach der anderen ab, erzielte aber
dabei keinen Ausgleich. Das weiße Läuferpaar und die mobilen Bauern e4 und f4
sorgen für einen langfristigen Stellungsvorteil von Weiß.} Bc7 33. Qd2 {/\Bf2}
g5 $2 {Mit diesem Bauernopfer hofft Schwarz eine Blockadestellung mit großen
Remischancen zu erreichen.} ({Objektiv gesehen war das passive Ausharren
besser, z.B.} 33... Qd7 34. Bf2 Nc6 35. g3 $14) 34. fxg5 Bxg3 35. hxg3 Qg6 (
35... hxg5 $5 36. Qxg5+ Kf8 37. Kf2 $16) 36. gxh6 Qxg3 {/\Nc6-e5} 37. Bc4 Nc6
38. Kf1 ({Dreev verpaßt eine günstige Gelegenheit zum Damentausch:} 38. Qf2 $1
Qxf2+ (38... Qg6 39. Bd5 $16) 39. Kxf2 Ne5 40. Bd5 b5 $1 (40... Kh7 41. Bxb7
Nd3+ 42. Ke2 Nxb2 43. Bd5 f6 44. Bb3 $18) (40... b6 41. Kg3 Kh7 42. Kf4 Nd3+
43. Kg5 Nxb2 44. Bxf7 d3 45. Bg6+ Kh8 46. e5 d2 47. Bc2 $18) 41. b4 $1 (41. Kg3
Nc4) 41... Kh7 42. Bb7 Nc4 43. Ke2 Kxh6 44. Kd3 $16) 38... Ne5 39. Qxd4 Qf4+
40. Kg1 (40. Ke2 $5) 40... Kh7 41. Be2 b6 42. Qf2 Qc1+ 43. Bf1 Qg5 44. g3 Kxh6
45. Kg2 Kg7 46. Qf4 Qe7 {Pigusov hat sein Ziel erreicht und eine zuverlässige
Blockade errichtet. Um diese Stellung zu halten darf er nur die Damen nicht
tauschen. An diesen einfachen Grundsatz hält er sich lange Zeit...} 47. Be2 Qc5
48. Qg5+ Kf8 49. Qd8+ Kg7 50. Qd5 Qe7 51. b4 Kf6 52. Kf2 Qc7 53. Qd2 Kg6 54.
Qd4 Kf6 55. Qb2 Qd6 56. Ke3 Ke7 57. Qd4 Qc7 58. Kd2 Nc6 59. Qd5 Ne5 60. Qd4 Nc6
61. Qc3 Qd6+ 62. Kc1 Nd4 63. Bc4 Qe5 64. Qd3 Nc6 65. Kb1 Qd4 $2 {Das
Leichtfigurenendspiel ist defenitiv verloren.} ({Wie hoch die Gewinnchancen
von Weiß nach z.B.} 65... Qc7 66. Bd5 Ne5 $16 {sind, läßt sich nicht leicht
sagen.}) 66. Qxd4 Nxd4 67. Kb2 $18 Nf3 68. Kc3 f6 69. Be2 Ne5 70. Kd4 Kd6 71.
Ke3 Ng6 72. Bh5 Ne5 73. Kf4 Nc4 74. Kf5 Ke7 75. Be2 Nd6+ (75... Nxa3 76. Bd3 a5
(76... b5 77. e5 fxe5 78. Kxe5 $18) 77. b5 $18) 76. Kf4 Nf7 77. g4 a5 78. b5
Ne5 79. Kf5 Nf7 80. e5 $1 {Der entscheidende Durchbruch der Blockade.} Nxe5 81.
g5 Nd7 82. g6 Kf8 83. Ke6 Nc5+ 84. Kxf6 Ne4+ 85. Ke5 Nc3 86. Bd3 Ke7 87. Bc4
Kf8 88. Kd6 Nb1 89. a4 1-0